| 000 | 00409nam a2200157 a 4500 | ||
|---|---|---|---|
| 082 | 0 | 0 |
_a220.59155 _bBFB |
| 100 | _aBritsh Foreign Bible, Society | ||
| 245 | _aOld Testament in Persian. | ||
| 260 |
_aLondon _bBible and Foreign Bible Society _c1951 |
||
| 300 | _a1658 | ||
| 500 | _aincludes index and biblioraphy | ||
| 505 | 2 | _aIndex | |
| 650 | _aBible O.T. Persian | ||
| 700 | 1 | _aBible, Society | |
| 942 | _cBK | ||
| 999 |
_c4779 _d4779 |
||